Smart security system (Record no. 138340)

000 -LEADER
fixed length control field 00306nam a2200097Ia 4500
008 - FIXED-LENGTH DATA ELEMENTS--GENERAL INFORMATION
fixed length control field 220120s9999||||xx |||||||||||||| ||und||
100 ## - MAIN ENTRY--PERSONAL NAME
Personal name Arun, Aparna G Subhash, Aysha Siya and Nikhil Jose
9 (RLIN) 12740
245 #0 - TITLE STATEMENT
Title Smart security system
260 ## - PUBLICATION, DISTRIBUTION, ETC.
Place of publication, distribution, etc. Coorg Institute of Technology
Name of publisher, distributor, etc. Ponnampet
650 ## - SUBJECT ADDED ENTRY--TOPICAL TERM
Topical term or geographic name entry element MECHANICAL
Holdings
Withdrawn status Lost status Damaged status Not for loan Home library Current library Date acquired Full call number Barcode Date last seen Price effective from Koha item type
        Central Library Central Library 01/20/2022 621.381 ARU PR731 01/20/2022 01/20/2022 Project Reports

Powered by Koha